[Event "EU-Cup 39th"]
[Site "Vrnjacka Banja"]
[Date "2024.10.24"]
[Round "5.5"]
[White "Roth, Josef"]
[Black "Cooney, Brendan"]
[Result "1-0"]
[WhiteElo "1987"]
[BlackElo "1874"]
[PlyCount "81"]
[EventDate "2024.10.20"]
[EventType "team-swiss"]
[EventRounds "7"]
[EventCountry "SRB"]
[SourceTitle "CB44_2024"]
[Source "Chessbase"]
[SourceDate "2024.10.30"]
[SourceVersion "1"]
[SourceVersionDate "2024.10.30"]
[SourceQuality "1"]
[WhiteTeam "Koenig Tegel"]
[BlackTeam "St Benildus"]
[WhiteTeamCountry "GER"]
[BlackTeamCountry "IRL"]

1. d4 d5 2. Nc3 Nf6 3. Bf4 Bf5 4. e3 c6 5. f3 Bg6 6. g4 h6 7. h4 e6 8. h5 Bh7 9. Qd2 Bd6 10. 0-0-0 Qc7 11. Nh3 Nbd7 12. Bxd6 Qxd6 13. Nf2 0-0-0 14. f4 g6 15. hxg6 Bxg6 16. Bd3 Bxd3 17. Qxd3 Rdg8 18. Rdg1 a6 19. Ne2 c5 20. c3 c4 21. Qc2 b5 22. Rg3 a5 23. Ng1 Nb6 24. Nf3 Nfd7 25. Ne5 Nxe5 26. dxe5 Qc5 27. Qd2 b4 28. Qd4 Qc6 29. Rgh3 Kb7 30. g5 h5 31. Rxh5 Rxh5 32. Rxh5 Rg7 33. Nd1 Nd7 34. f5 Nc5 35. f6 Nd3+ 36. Qxd3 cxd3 37. fxg7 d4 38. g8Q dxc3 39. Qxf7+ Ka6 40. Qxe6 Qxe6 41. Rh6 1-0

[Event "Pula op 35th"]
[Site "Pula"]
[Date "2023.06.18"]
[Round "2"]
[White "Roth, Josef"]
[Black "Cvitan, Ena"]
[Result "0-1"]
[WhiteElo "1993"]
[BlackElo "2294"]
[PlyCount "52"]
[EventDate "2023.06.17"]
[EventType "swiss"]
[EventRounds "9"]
[EventCountry "CRO"]
[SourceTitle "CBM 214 Extra"]
[Source "ChessBase"]
[SourceDate "2023.07.31"]
[SourceVersion "1"]
[SourceVersionDate "2023.07.31"]
[SourceQuality "1"]

1. d4 d5 2. Nc3 Nf6 3. Bf4 a6 4. e3 e6 5. Bd3 c5 6. dxc5 Bxc5 7. Nf3 Nc6 8. 0-0 Qe7 9. Ne5 Bd6 10. Nxc6 bxc6 11. Bxd6 Qxd6 12. Ne2 Ng4 13. g3 e5 14. c4 Qh6 15. h4 g5 16. cxd5 gxh4 17. Qa4 hxg3 18. Qxc6+ Qxc6 19. dxc6 gxf2+ 20. Kh1 Rb8 21. b3 Rb6 22. Rac1 Rg8 23. Be4 Rg5 24. Rc3 Rb4 25. Bf3 Nh2 26. Kxh2 Rh4# 0-1

[Event "Oberliga Nord O 1920"]
[Site "Germany"]
[Date "2019.12.08"]
[Round "4.8"]
[White "Holzapfel, Daniel"]
[Black "Roth, Josef"]
[Result "1-0"]
[WhiteElo "2231"]
[BlackElo "1998"]
[PlyCount "47"]
[EventDate "2019.09.29"]
[EventType "team-tourn"]
[EventRounds "9"]
[EventCountry "GER"]
[SourceTitle "CBM 195 Extra"]
[Source "ChessBase"]
[SourceDate "2020.05.31"]
[SourceVersion "1"]
[SourceVersionDate "2020.05.31"]
[SourceQuality "1"]

1. d4 Nf6 2. Nf3 g6 3. c4 Bg7 4. Nc3 d5 5. e3 0-0 6. b4 b6 7. Rb1 Bb7 8. Be2 Ne4 9. Bb2 Nxc3 10. Bxc3 Nd7 11. 0-0 c6 12. a4 Qc7 13. Qb3 Rab8 14. Rfc1 Qd6 15. cxd5 cxd5 16. b5 Rfc8 17. Bb4 Qf6 18. Qa3 Bf8 19. Rxc8 Rxc8 20. Rc1 Rxc1+ 21. Qxc1 Qf5 22. Qc7 Qb1+ 23. Bf1 Qxb4 24. Qxd7 1-0

[Event "Berlin Lichtenberger op 16th"]
[Site "Berlin"]
[Date "2017.08.20"]
[Round "2"]
[White "Matitschka, Heinz"]
[Black "Roth, Josef"]
[Result "1/2-1/2"]
[WhiteElo "1910"]
[BlackElo "2032"]
[PlyCount "47"]
[EventDate "2017.08.19"]
[EventType "swiss"]
[EventRounds "9"]
[EventCountry "GER"]
[SourceTitle "CBM 180 Extra"]
[Source "ChessBase"]
[SourceDate "2017.10.06"]
[SourceVersion "1"]
[SourceVersionDate "2017.10.06"]
[SourceQuality "1"]

1. d4 Nf6 2. c4 g6 3. Nc3 d5 4. cxd5 Nxd5 5. e4 Nxc3 6. bxc3 Bg7 7. Qa4+ Nd7 8. Nf3 0-0 9. Bg5 c5 10. Rc1 cxd4 11. cxd4 Nf6 12. Bd3 Bd7 13. Qa3 Bg4 14. 0-0 Bxf3 15. gxf3 Qxd4 16. Rfd1 Qe5 17. Rc5 Qb8 18. Bf1 b6 19. Rc2 Rd8 20. Rxd8+ Qxd8 21. Qc1 Ne8 22. Ba6 Nd6 23. Rc7 Bf8 24. Qc6 1/2-1/2

[Event "Oberliga Nord O 1617"]
[Site "Germany"]
[Date "2017.04.23"]
[Round "8.7"]
[White "Roth, Josef"]
[Black "Spittler, Jens"]
[Result "1-0"]
[WhiteElo "2067"]
[BlackElo "2058"]
[PlyCount "55"]
[EventDate "2016.10.16"]
[EventType "team-tourn"]
[EventRounds "9"]
[EventCountry "GER"]
[SourceTitle "EXT 2018"]
[Source "ChessBase"]
[SourceDate "2017.10.13"]
[SourceVersion "1"]
[SourceVersionDate "2017.10.13"]
[SourceQuality "1"]
[WhiteTeam "Koenig Tegel"]
[BlackTeam "Oranienburg"]
[WhiteTeamCountry "GER"]
[BlackTeamCountry "GER"]

1. e4 e6 2. d4 d5 3. Nc3 dxe4 4. Nxe4 Nd7 5. Nf3 Ngf6 6. Nxf6+ Nxf6 7. Bd3 b6 8. 0-0 Bb7 9. Re1 Be7 10. c3 0-0 11. Bg5 Nd5 12. Bxe7 Qxe7 13. Be4 c6 14. Bxd5 cxd5 15. a4 f6 16. Qe2 Rfe8 17. a5 a6 18. Qc2 b5 19. Re3 Qd6 20. Rae1 Bc6 21. Qe2 Bd7 22. Nd2 Re7 23. g3 e5 24. dxe5 fxe5 25. Rxe5 Rxe5 26. Qxe5 Re8 27. Qxd6 Rxe1+ 28. Kg2 1-0

[Event "Pula op 30th"]
[Site "Pula"]
[Date "2016.09.11"]
[Round "2"]
[White "Molnar, Bela"]
[Black "Roth, Josef"]
[Result "1-0"]
[WhiteElo "2290"]
[BlackElo "2087"]
[PlyCount "55"]
[EventDate "2016.09.10"]
[EventType "swiss"]
[EventRounds "9"]
[EventCountry "CRO"]
[SourceTitle "CBM 174 Extra"]
[Source "ChessBase"]
[SourceDate "2016.10.10"]
[SourceVersion "1"]
[SourceVersionDate "2016.10.10"]
[SourceQuality "1"]

1. e4 c5 2. Nc3 Nc6 3. Bb5 Nd4 4. Bc4 e6 5. Nf3 a6 6. a4 Ne7 7. Nxd4 cxd4 8. Ne2 Nc6 9. 0-0 Be7 10. c3 dxc3 11. dxc3 0-0 12. f4 d6 13. Qd3 Qc7 14. Be3 Bd7 15. b4 Rac8 16. Bb3 a5 17. b5 Nd8 18. Rad1 Be8 19. Kh1 Kh8 20. Rf3 f6 21. Rh3 Bg6 22. f5 exf5 23. Nf4 Bf7 24. Bxf7 Rxf7 25. exf5 Bf8 26. Bb6 Qxb6 27. Ng6+ Kg8 28. Rxh7 1-0

[Event "Berlin Lichtenberger op 15th"]
[Site "Berlin"]
[Date "2016.08.13"]
[Round "1"]
[White "Roth, Josef"]
[Black "Schneider, Eckehard"]
[Result "1-0"]
[WhiteElo "2091"]
[BlackElo "1800"]
[PlyCount "65"]
[EventDate "2016.08.13"]
[EventType "swiss"]
[EventRounds "9"]
[EventCountry "GER"]
[SourceTitle "CBM 173 Extra"]
[Source "ChessBase"]
[SourceDate "2016.08.29"]
[SourceVersion "1"]
[SourceVersionDate "2016.08.29"]
[SourceQuality "1"]

1. e4 e6 2. d4 d5 3. Nc3 Nf6 4. Bg5 Bb4 5. e5 h6 6. Be3 Ne4 7. Qg4 g6 8. a3 Bxc3+ 9. bxc3 c5 10. Bd3 Qa5 11. Ne2 cxd4 12. Bxd4 Nc6 13. 0-0 Nxd4 14. cxd4 h5 15. Qf4 Qd2 16. Qf3 Bd7 17. Rad1 Qg5 18. Nf4 Nc3 19. Ra1 0-0 20. g3 Rac8 21. h4 Qd8 22. a4 Bxa4 23. Nxh5 gxh5 24. Qxh5 Ne4 25. Rxa4 Rc7 26. f3 f5 27. fxe4 fxe4 28. Be2 Rg7 29. Kh2 Qc7 30. Rxf8+ Kxf8 31. Qh8+ Rg8 32. Qf6+ Qf7 33. Qxf7+ 1-0

[Event "Berlin Lichtenberger op 14th"]
[Site "Berlin"]
[Date "2015.08.21"]
[Round "7"]
[White "Heldt, Ronny"]
[Black "Roth, Josef"]
[Result "0-1"]
[WhiteElo "1922"]
[BlackElo "2101"]
[PlyCount "58"]
[EventDate "2015.08.15"]
[EventType "swiss"]
[EventRounds "9"]
[EventCountry "GER"]
[SourceTitle "EXT 2016"]
[Source "ChessBase"]
[SourceDate "2015.10.08"]
[SourceVersion "1"]
[SourceVersionDate "2015.10.08"]
[SourceQuality "1"]

1. d4 Nf6 2. c4 g6 3. Nf3 Bg7 4. g3 0-0 5. Bg2 d6 6. 0-0 Nbd7 7. Nc3 e5 8. e4 a6 9. h3 exd4 10. Nxd4 Re8 11. Re1 Rb8 12. Be3 Ne5 13. b3 c5 14. Nc2 b5 15. cxb5 axb5 16. f4 Ned7 17. Qxd6 b4 18. Na4 Nxe4 19. Bxe4 Rxe4 20. Rad1 Bf8 21. Qd3 Qe8 22. Bf2 Nf6 23. g4 Bb7 24. Bxc5 Qc6 25. Be3 Rxe3 26. Nxe3 Qh1+ 27. Kf2 Qh2+ 28. Kf1 Qxh3+ 29. Kg1 Nxg4 0-1

[Event "Berlin Lichtenberger op 14th"]
[Site "Berlin"]
[Date "2015.08.19"]
[Round "5"]
[White "Weiss, Daniel"]
[Black "Roth, Josef"]
[Result "0-1"]
[WhiteElo "1741"]
[BlackElo "2101"]
[PlyCount "114"]
[EventDate "2015.08.15"]
[EventType "swiss"]
[EventRounds "9"]
[EventCountry "GER"]
[SourceTitle "EXT 2016"]
[Source "ChessBase"]
[SourceDate "2015.10.08"]
[SourceVersion "1"]
[SourceVersionDate "2015.10.08"]
[SourceQuality "1"]

1. d4 d5 2. Nf3 c5 3. c3 Nc6 4. Bf4 Qb6 5. Qb3 c4 6. Qxb6 axb6 7. e3 Bf5 8. Na3 Nf6 9. h3 h6 10. Nb5 Ra5 11. Na3 e6 12. Nb1 Bxb1 13. Rxb1 Rxa2 14. Ne5 Nd7 15. Be2 Be7 16. Nxd7 Kxd7 17. e4 b5 18. exd5 exd5 19. Bg4+ Kd8 20. Bf3 Bg5 21. Bxg5+ hxg5 22. Bxd5 Re8+ 23. Kd2 Kc7 24. f3 f6 25. Bxc6 bxc6 26. Rhe1 Rxe1 27. Kxe1 Kd6 28. Kd2 Ke6 29. Re1+ Kf5 30. Kc2 Kf4 31. Re6 Kg3 32. Rxc6 Kxg2 33. d5 Ra7 34. d6 Rd7 35. Kd2 Kxf3 36. Rb6 f5 37. Ke1 g4 38. hxg4 Kxg4 39. Kf2 Kf4 40. Rxb5 Rxd6 41. Rb4 Rd2+ 42. Ke1 Rh2 43. b3 Ke3 44. Kf1 cxb3 45. Rxb3 Rc2 46. c4+ Kf4 47. Rb4 g5 48. c5+ Kf3 49. Rb3+ Kg4 50. Rb5 f4 51. Ke1 f3 52. Rb4+ Kg3 53. Rb1 Rxc5 54. Kf1 Rc2 55. Kg1 Rg2+ 56. Kh1 Rh2+ 57. Kg1 f2+ 0-1

[Event "Berlin Lichtenberger op 14th"]
[Site "Berlin"]
[Date "2015.08.17"]
[Round "3"]
[White "Jaeger, Andre"]
[Black "Roth, Josef"]
[Result "1/2-1/2"]
[WhiteElo "1942"]
[BlackElo "2101"]
[PlyCount "53"]
[EventDate "2015.08.15"]
[EventType "swiss"]
[EventRounds "9"]
[EventCountry "GER"]
[SourceTitle "EXT 2016"]
[Source "ChessBase"]
[SourceDate "2015.10.08"]
[SourceVersion "1"]
[SourceVersionDate "2015.10.08"]
[SourceQuality "1"]

1. d4 Nf6 2. c4 g6 3. g3 Bg7 4. Bg2 0-0 5. Nc3 d6 6. Nf3 Nbd7 7. 0-0 e5 8. e4 a6 9. h3 exd4 10. Nxd4 Re8 11. Bg5 h6 12. Be3 Rb8 13. Qc1 Kh7 14. Rd1 Nc5 15. e5 Rxe5 16. Nf3 Rh5 17. g4 Nxg4 18. hxg4 Bxg4 19. b4 Nd7 20. Bd4 Ne5 21. Bxe5 Bxe5 22. Rd3 Bxf3 23. Rxf3 f5 24. Qd2 Qg8 25. Qd5 Qg7 26. Rc1 c6 27. Qd3 1/2-1/2

[Event "Pula op 28th"]
[Site "Pula"]
[Date "2014.06.13"]
[Round "8"]
[White "Sobolevsky, Leonid"]
[Black "Roth, Josef"]
[Result "1-0"]
[WhiteElo "2245"]
[BlackElo "2115"]
[PlyCount "99"]
[EventDate "2014.06.07"]
[EventType "swiss"]
[EventRounds "9"]
[EventCountry "CRO"]
[SourceTitle "CBM 160 Extra"]
[Source "ChessBase"]
[SourceDate "2014.07.01"]
[SourceVersion "1"]
[SourceVersionDate "2014.07.01"]
[SourceQuality "1"]

1. e4 c5 2. Nf3 d6 3. d4 cxd4 4. Nxd4 Nf6 5. Nc3 Nc6 6. Bg5 e6 7. Qd2 a6 8. 0-0-0 Bd7 9. f4 b5 10. a3 Be7 11. Be2 Rc8 12. Nxc6 Bxc6 13. Bf3 Qc7 14. Bxf6 gxf6 15. f5 a5 16. fxe6 0-0 17. Bg4 b4 18. axb4 axb4 19. Nd5 Bxd5 20. exd5 Kg7 21. Bf5 fxe6 22. dxe6 d5 23. Qd4 Ra8 24. Rhe1 Ra1+ 25. Kd2 Rxd1+ 26. Kxd1 Qxh2 27. Qg4+ Kh8 28. Qh3 Qxh3 29. Bxh3 Kg8 30. Kd2 Ra8 31. b3 Rc8 32. Bf5 Kg7 33. Rh1 h6 34. Rh4 Rg8 35. Kd3 h5 36. Rxh5 Rh8 37. g4 Bd6 38. Ke3 Bc5+ 39. Kd3 Rxh5 40. gxh5 Kh6 41. Bg6 f5 42. c3 bxc3 43. Kxc3 f4 44. b4 d4+ 45. Kc4 Bd6 46. b5 f3 47. b6 d3 48. Bxd3 Kg7 49. Kd5 Bb8 50. h6+ 1-0

[Event "Pula op 26th"]
[Site "Pula"]
[Date "2012.06.10"]
[Round "2"]
[White "Roth, Josef"]
[Black "Mencinger, Vojko"]
[Result "0-1"]
[WhiteElo "2107"]
[BlackElo "2371"]
[PlyCount "40"]
[EventDate "2012.06.09"]
[EventType "swiss"]
[EventRounds "9"]
[EventCountry "CRO"]
[SourceTitle "CBM 148 Extra"]
[Source "ChessBase"]
[SourceDate "2012.06.22"]
[SourceVersion "1"]
[SourceVersionDate "2012.06.22"]
[SourceQuality "1"]

1. e4 c5 2. Nf3 e6 3. d4 cxd4 4. Nxd4 a6 5. Nc3 Qc7 6. Bd2 Bc5 7. Nb3 Be7 8. Qe2 d6 9. 0-0-0 Nf6 10. g4 b5 11. a3 Bb7 12. g5 Nfd7 13. f4 0-0 14. Bg2 Re8 15. f5 Nc6 16. Qf2 Bf8 17. h4 Nde5 18. h5 b4 19. axb4 Nxb4 20. g6 Nbd3+ 0-1

[Event "Oberliga Nord O 0910"]
[Site "Germany"]
[Date "2009.11.29"]
[Round "3.6"]
[White "Kretzschmann, Jens"]
[Black "Roth, Josef"]
[Result "0-1"]
[WhiteElo "2214"]
[BlackElo "2128"]
[PlyCount "35"]
[EventDate "2009.10.18"]
[EventType "team-tourn"]
[EventRounds "9"]
[EventCountry "GER"]
[SourceTitle "EXT 2011"]
[Source "ChessBase"]
[SourceDate "2010.11.26"]
[SourceVersion "1"]
[SourceVersionDate "2010.11.26"]
[SourceQuality "1"]
[WhiteTeam "Lichtenberg"]
[BlackTeam "Koenig Tegel"]
[WhiteTeamCountry "GER"]
[BlackTeamCountry "GER"]

1. Nf3 d5 2. g3 c5 3. Bg2 Nc6 4. 0-0 Nf6 5. d3 e6 6. Nbd2 Be7 7. e4 0-0 8. c3 Qc7 9. Re1 b6 10. Qc2 Bb7 11. exd5 exd5 12. Nf1 Rad8 13. Bf4 Qd7 14. Ne5 Nxe5 15. Bxe5 d4 16. Bxb7 Qxb7 17. cxd4 cxd4 18. Rac1 0-1

[Event "Oberliga Nord O 0708"]
[Site "Germany"]
[Date "2008.04.20"]
[Round "9.3"]
[White "Reyer, Ulli"]
[Black "Roth, Josef"]
[Result "1/2-1/2"]
[WhiteElo "2191"]
[BlackElo "2113"]
[PlyCount "33"]
[EventDate "2007.10.21"]
[EventType "team-tourn"]
[EventRounds "9"]
[EventCountry "GER"]
[SourceTitle "EXT 2009"]
[Source "ChessBase"]
[SourceDate "2008.11.26"]
[SourceVersion "1"]
[SourceVersionDate "2008.11.26"]
[SourceQuality "1"]
[WhiteTeam "Greifswald"]
[BlackTeam "Koenig Tegel II"]
[WhiteTeamCountry "GER"]
[BlackTeamCountry "GER"]

1. e4 c5 2. Nf3 Nc6 3. Bb5 a6 4. Bxc6 dxc6 5. h3 e5 6. d3 Qc7 7. Nc3 f6 8. 0-0 Be6 9. Be3 a5 10. Na4 b6 11. a3 Rb8 12. c3 Qf7 13. Nd2 Bd6 14. d4 cxd4 15. cxd4 exd4 16. Bxd4 Bc7 17. b4 1/2-1/2

[Event "Oberliga Nord O 0708"]
[Site "Germany"]
[Date "2008.04.06"]
[Round "8.4"]
[White "Sawatzki, Joerg"]
[Black "Roth, Josef"]
[Result "1-0"]
[WhiteElo "2230"]
[BlackElo "2113"]
[PlyCount "120"]
[EventDate "2007.10.21"]
[EventType "team-tourn"]
[EventRounds "9"]
[EventCountry "GER"]
[SourceTitle "EXT 2009"]
[Source "ChessBase"]
[SourceDate "2008.11.26"]
[SourceVersion "1"]
[SourceVersionDate "2008.11.26"]
[SourceQuality "1"]
[WhiteTeam "Friesen Lichtenberg"]
[BlackTeam "Koenig Tegel II"]
[WhiteTeamCountry "GER"]
[BlackTeamCountry "GER"]

1. c4 e5 2. Nc3 Nc6 3. g3 f5 4. e3 Nf6 5. d4 d6 6. d5 Ne7 7. Bg2 Ng6 8. Nge2 Be7 9. b3 0-0 10. 0-0 Bd7 11. Qd2 Qe8 12. Bb2 Nh8 13. f3 Qh5 14. Rae1 Nf7 15. f4 a6 16. e4 Rae8 17. Nc1 exf4 18. Qxf4 fxe4 19. Nxe4 Nxe4 20. Qxe4 Bf6 21. Qc2 Rxe1 22. Rxe1 Bxb2 23. Qxb2 Ne5 24. Qd2 Bh3 25. Nd3 Nf3+ 26. Bxf3 Qxf3 27. Nf4 Bc8 28. Qe3 Qxe3+ 29. Rxe3 Kf7 30. Kg2 g6 31. h4 Bf5 32. Kf2 Bb1 33. Ne6 Re8 34. Ng5+ Kf8 35. Nxh7+ Kf7 36. Ng5+ Kf8 37. Ne6+ Kf7 38. a3 Bf5 39. Nxc7 Rc8 40. Ne6 b5 41. Ng5+ Kf6 42. Rc3 a5 43. Nf3 a4 44. bxa4 bxc4 45. a5 Be4 46. Nd4 Bxd5 47. a6 Ke5 48. Nb5 Ba8 49. a4 Kd5 50. Na3 Kd4 51. Nb5+ Kd5 52. Ke3 Ke5 53. Kd2 Rc6 54. Re3+ Kf6 55. a7 Kf7 56. Kc3 Ra6 57. Kb4 Bc6 58. Nxd6+ Kf6 59. Nb5 Bxb5 60. axb5 Rxa7 1-0

[Event "Oberliga Nord O 0708"]
[Site "Germany"]
[Date "2008.03.09"]
[Round "7.4"]
[White "Roth, Josef"]
[Black "Brustkern, Juergen"]
[Result "0-1"]
[WhiteElo "2113"]
[BlackElo "2332"]
[PlyCount "36"]
[EventDate "2007.10.21"]
[EventType "team-tourn"]
[EventRounds "9"]
[EventCountry "GER"]
[SourceTitle "EXT 2009"]
[Source "ChessBase"]
[SourceDate "2008.11.26"]
[SourceVersion "1"]
[SourceVersionDate "2008.11.26"]
[SourceQuality "1"]
[WhiteTeam "Koenig Tegel II"]
[BlackTeam "Zehlendorf II"]
[WhiteTeamCountry "GER"]
[BlackTeamCountry "GER"]

1. e4 g6 2. d4 Bg7 3. c3 d6 4. f4 Nf6 5. Bd3 e5 6. Nf3 Bg4 7. Qb3 Bxf3 8. gxf3 0-0 9. Qxb7 Nbd7 10. Qb3 exd4 11. cxd4 Nh5 12. Be3 c5 13. f5 cxd4 14. Bd2 Qh4+ 15. Kd1 Nf4 16. Bc4 Rab8 17. Qa3 Ne5 18. Bb3 Qf2 0-1

[Event "Rewal op-A 12th"]
[Site "Rewal"]
[Date "2007.08.24"]
[Round "4"]
[White "Kotermanska, Anna"]
[Black "Roth, Josef"]
[Result "1-0"]
[WhiteElo "1980"]
[BlackElo "2158"]
[PlyCount "51"]
[EventDate "2007.08.20"]
[EventType "swiss"]
[EventRounds "9"]
[EventCountry "POL"]
[SourceTitle "CBM 120 Extra"]
[Source "ChessBase"]
[SourceDate "2007.11.01"]
[SourceVersion "1"]
[SourceVersionDate "2007.11.01"]
[SourceQuality "1"]

1. e4 c5 2. Nf3 Nc6 3. d4 cxd4 4. Nxd4 Nf6 5. Nc3 d6 6. Bg5 e6 7. Qd2 Be7 8. 0-0-0 Nxd4 9. Qxd4 0-0 10. f4 h6 11. Bxf6 gxf6 12. f5 Qa5 13. Kb1 Qe5 14. Qf2 Kh7 15. Bc4 Bd7 16. Rd3 Rg8 17. Rh3 Rg5 18. Qh4 Bf8 19. Rg3 b5 20. Bd3 b4 21. Nd1 Rxg3 22. hxg3 exf5 23. exf5 a5 24. Qh5 Qe3 25. Qxf7+ Kh8 26. Qg6 1-0